000 00960nas a2200325 4500
001 BR2015001614
003 BR-BrBNA
005 20231205125133.0
007 ta
008 230509b bl.|||p| |||| 00| 00por d
040 _aBR-BrBNA
_bpor
_cBiblioteca Nacional de Agricultura
041 _a(Pt)
072 _aF04; F01
100 1 _aOliveira, F.A.
100 1 _aOliveira, M.K.T.
100 1 _aMedeiros, J.F.
100 1 _aSilva, O.M.P.
100 1 _aPaiva, E.P.
100 1 _aMaia, P.M.E.
245 1 _aProdutividade do maxixeiro cultivado em substrato e fertirrigado com soluções nutritivas
650 _aMAXIXE
650 _aADUBAÇÃO
650 _aNITROGÊNIO
650 _aPOTÁSSIO
650 _aARMAZENAMENTO
650 _aVIDA-DE-PRATELEIRA
773 0 _tHorticultura Brasileira (Brazil)
_xISSN 0102-0536
_g(Oct-Dec 2014), v. 32(4) p. 464-467
_wBR2015001614
909 _a202311
_bLúcia
_c55
_dLúcia Elande
942 _2AGRIS
_n0
_cANA
999 _c242839
_d242839